000 00509cam a2200145 4500500
005 20251012010614.0
041 _afre
042 _adc
100 1 0 _aPastorini, Chiara
_eauthor
245 0 0 _aGreek Laughter: A Study of Cultural Psychology from Homer to Early Christianity
260 _c2009.
500 _a55
786 0 _nPhilosophie magazine | 28 | 4 | 2009-04-01 | p. 55-55 | 1951-1787
856 4 1 _uhttps://shs.cairn.info/magazine-philosophie-magazine-2009-4-page-55?lang=fr&redirect-ssocas=7080
999 _c1519902
_d1519902